Statistics for The Ultimate Super Bowl Quiz

Click here to take the quiz!

General Stats

  • This quiz has been taken 12 times
    (3 since last reset)
  • The average score is 22 of 464

Answer Stats

ClueAnswer% Correct
Super Bowl LVIII Final score25 - 22 (OT)
67%
Coach of the team aboveAndy Reid
67%
2023 AFC ChampionKansas City Chiefs
67%
Super Bowl LVIII Champion (2023-2024)Kansas City Chiefs
67%
Coach of the team aboveKyle Shanahan
67%
City that Super Bowl LVIII was played atLas Vegas, Nevada
67%
Super Bowl LVIII MVPPatrick Mahomes (QB)
67%
2023 NFC ChampionSan Francisco 49ers
67%
Super Bowl LIV Final score31 - 20
33%
Super Bowl LV Final score31 - 9
33%
Super Bowl LVII Final score38 - 35
33%
Coach of the team aboveAndy Reid
33%
Coach of the team aboveAndy Reid
33%
Coach of the team aboveAndy Reid
33%
Super Bowl I MVPBart Starr (QB)
33%
Super Bowl II MVPBart Starr (QB)
33%
Coach of the team aboveBruce Arians
33%
2021 AFC ChampionCincinnati Bengals
33%
Super Bowl LVI MVPCooper Kupp (WR)
33%
City that Super Bowl LVII was played atGlendale, Arizona
33%
Super Bowl II champion (1967-1968)Green Bay Packers
33%
1967 NFL ChampionGreen Bay Packers
33%
1966 NFL ChampionGreen Bay Packers
33%
Super Bowl I champion (1966-1967)Green Bay Packers
33%
Coach of the team aboveHank Stram
33%
Coach of the team aboveHank Stram
33%
City that Super Bowl LVI was played atInglewood, California
33%
Coach of the team aboveJohn Rauch
33%
1969 AFL ChampionKansas City Chiefs
33%
2022 AFC ChampionKansas City Chiefs
33%
Super Bowl IV Champion (1969-1970)Kansas City Chiefs
33%
1966 AFL ChampionKansas City Chiefs
33%
2020 AFC ChampionKansas City Chiefs
33%
Super Bowl LVII Champion (2022-2023)Kansas City Chiefs
33%
Super Bowl LIV Champion (2019-2020)Kansas City Chiefs
33%
2019 AFC ChampionKansas City Chiefs
33%
Coach of the team aboveKyle Shanahan
33%
Super Bowl IV MVPLen Dawson (QB)
33%
City where Super Bowl I was played atLos Angeles, California
33%
2021 NFC ChampionLos Angeles Rams
33%
Super Bowl LVI Champion (2021-2022)Los Angeles Rams
33%
City where Super Bowl III was played atMiami, Florida
33%
City that Super Bowl LIV was played atMiami Gardens, Florida
33%
1969 NFL ChampionMinnesota Vikings
33%
1968 AFL ChampionNew York Jets
33%
Coach of the team aboveNick Sirianni
33%
1967 AFL ChampionOakland Raiders
33%
Super Bowl LIV MVPPatrick Mahomes (QB)
33%
Super Bowl LVII MVPPatrick Mahomes (QB)
33%
2022 NFC ChampionPhiladelphia Eagles
33%
2019 NFC ChampionSan Francisco 49ers
33%
Coach of the team aboveSean McVay
33%
Super Bowl LV Champion (2020-2021)Tampa Bay Buccaneers
33%
2020 NFC ChampionTampa Bay Buccaneers
33%
City that Super Bowl LV was played atTampa, Florida
33%
Super Bowl LV MVPTom Brady (QB)
33%
Coach of the team aboveVince Lombardi
33%
Coach of the team aboveVince Lombardi
33%
Coach of the team aboveZac Taylor
33%
Super Bowl LIII Final score13 - 3
0%
Super Bowl VII Final score14 - 7
0%
Super Bowl V Final score16 - 13
0%
Super Bowl IX Final score16 - 6
0%
Super Bowl III Final score16 - 7
0%
Super Bowl XLII Final score17 - 14
0%
Super Bowl XXIII Final score20 - 16
0%
Super Bowl XXXVI Final score20 - 17
0%
Super Bowl XXV Final score20 - 19
0%
Super Bowl XL Final score21 - 10
0%
Super Bowl X Final score21 - 17
0%
Super Bowl XLVI Final score21 - 17
0%
Super Bowl XXXIV Final score23 - 16
0%
Super Bowl LVI Final score23 - 20
0%
Super Bowl IV Final score23 - 7
0%
Super Bowl 50 Final score24 - 10
0%
Super Bowl XXXIX Final score24 - 21
0%
Super Bowl VI Final score24 - 3
0%
Super Bowl VIII Final score24 - 7
0%
Super Bowl XVI Final score26 - 21
0%
Super Bowl XV Final score27 - 10
0%
Super Bowl XII Final score27 - 10
0%
Super Bowl XXX Final score27 - 17
0%
Super Bowl XVII Final score27 - 17
0%
Super Bowl XLIII Final score27 - 23
0%
Super Bowl XLIX Final score28 - 24
0%
Super Bowl XLI Final score29 - 17
0%
Super Bowl XXVIII Final score30 - 13
0%
Super Bowl XLIV Final score31 - 17
0%
Super Bowl XIV Final score31 - 19
0%
Super Bowl XXXII Final score31 - 24
0%
Super Bowl XLV Final score31 - 25
0%
Super Bowl XI Final score32 - 14
0%
Super Bowl XXXVIII Final score32 - 29
0%
Super Bowl II Final score33 - 14
0%
Super Bowl XXXIII Final score34 - 19
0%
Super Bowl LI Final score34 - 28 (OT)
0%
Super Bowl XLVII Final score34 - 31
0%
Super Bowl XXXV Final score34 - 7
0%
Super Bowl I Final score35 - 10
0%
Super Bowl XXXI Final score35 - 21
0%
Super Bowl XIII Final score35 - 31
0%
Super Bowl XXVI Final score37 - 24
0%
Super Bowl XIX Final score38 - 16
0%
Super Bowl XVIII Final score38 - 9
0%
Super Bowl XXI Final score39 - 20
0%
Super Bowl LII Final score41 - 33
0%
Super Bowl XXII Final score42 - 10
0%
Super Bowl XLVIII Final score43 - 8
0%
Super Bowl XX Final score46 - 10
0%
Super Bowl XXXVII Final score48 - 21
0%
Super Bowl XXIX Final score49 - 26
0%
Super Bowl XXVII Final score52 - 17
0%
Super Bowl XXIV Final score55 - 10
0%
Super Bowl XLV MVPAaron Rodgers (QB)
0%
Coach of the team aboveAndy Reid
0%
2008 NFC ChampionArizona Cardinals
0%
City that Super Bowl XLV was played atArlington, Texas
0%
2016 NFC ChampionAtlanta Falcons
0%
1998 NFC ChampionAtlanta Falcons
0%
City that Super Bowl LIII was played atAtlanta, Georgia
0%
City that Super Bowl XXXIV was played atAtlanta, Georgia
0%
City that Super Bowl XXVIII was played atAtlanta, Georgia
0%
Super Bowl V Champion (1970-1971)Baltimore Colts
0%
1968 NFL ChampionBaltimore Colts
0%
1970 AFC ChampionBaltimore Colts
0%
Super Bowl XLVII Champion (2012-2013)Baltimore Ravens
0%
Super Bowl XXXV Champion (2000-2001)Baltimore Ravens
0%
2012 AFC ChampionBaltimore Ravens
0%
2000 AFC ChampionBaltimore Ravens
0%
Coach of the team aboveBarry Switzer
0%
Coach of the team aboveBill Belichick
0%
Coach of the team aboveBill Belichick
0%
Coach of the team aboveBill Belichick
0%
Coach of the team aboveBill Belichick
0%
Coach of the team aboveBill Belichick
0%
Coach of the team aboveBill Belichick
0%
Coach of the team aboveBill Belichick
0%
Coach of the team aboveBill Belichick
0%
Coach of the team aboveBill Belichick
0%
Coach of the team aboveBill Callahan
0%
Coach of the team aboveBill Cowher
0%
Coach of the team aboveBill Cowher
0%
Coach of the team aboveBill Parcells
0%
Coach of the team aboveBill Parcells
0%
Coach of the team aboveBill Parcells
0%
Coach of the team aboveBill Walsh
0%
Coach of the team aboveBill Walsh
0%
Coach of the team aboveBill Walsh
0%
Coach of the team aboveBobby Ross
0%
Coach of the team aboveBrian Billick
0%
Coach of the team aboveBud Grant
0%
Coach of the team aboveBud Grant
0%
Coach of the team aboveBud Grant
0%
Coach of the team aboveBud Grant
0%
1991 AFC ChampionBuffalo Bills
0%
1992 AFC ChampionBuffalo Bills
0%
1993 AFC ChampionBuffalo Bills
0%
1990 AFC ChampionBuffalo Bills
0%
2003 NFC ChampionCarolina Panthers
0%
2015 NFC ChampionCarolina Panthers
0%
1985 NFC ChampionChicago Bears
0%
2006 NFC ChampionChicago Bears
0%
Super Bowl XX Champion (1985-1986)Chicago Bears
0%
Super Bowl V MVPChuck Howley (LB)
0%
Coach of the team aboveChuck Noll
0%
Coach of the team aboveChuck Noll
0%
Coach of the team aboveChuck Noll
0%
Coach of the team aboveChuck Noll
0%
1981 AFC ChampionCincinnati Bengals
0%
1988 AFC ChampionCincinnati Bengals
0%
1975 NFC ChampionDallas Cowboys
0%
1977 NFC ChampionDallas Cowboys
0%
Super Bowl XII Champion (1977-1978)Dallas Cowboys
0%
Super Bowl VI Champion (1971-1972)Dallas Cowboys
0%
1978 NFC ChampionDallas Cowboys
0%
Super Bowl XXVIII Champion (1993-1994)Dallas Cowboys
0%
1993 NFC ChampionDallas Cowboys
0%
Super Bowl XXVII Champion (1992-1993)Dallas Cowboys
0%
Super Bowl XXX Champion (1995-1996)Dallas Cowboys
0%
1971 NFC ChampionDallas Cowboys
0%
1992 NFC ChampionDallas Cowboys
0%
1995 NFC ChampionDallas Cowboys
0%
1970 NFC ChampionDallas Cowboys
0%
Coach of the team aboveDan Quinn
0%
Coach of the team aboveDan Reeves
0%
Coach of the team aboveDan Reeves
0%
Coach of the team aboveDan Reeves
0%
Coach of the team aboveDan Reeves
0%
Super Bowl XXXIX MVPDeion Branch (WR)
0%
Super Bowl XXXIII Champion (1998-1999)Denver Broncos
0%
1998 AFC ChampionDenver Broncos
0%
1997 AFC ChampionDenver Broncos
0%
Super Bowl XXXII Champion (1997-1998)Denver Broncos
0%
1977 AFC ChampionDenver Broncos
0%
2013 AFC ChampionDenver Broncos
0%
1989 AFC ChampionDenver Broncos
0%
2015 AFC ChampionDenver Broncos
0%
1986 AFC ChampionDenver Broncos
0%
Super Bowl 50 Champion (2015-2016)Denver Broncos
0%
1987 AFC ChampionDenver Broncos
0%
Super Bowl XXXI MVPDesmond Howard (KR)
0%
City that Super Bowl XL was played atDetroit, Michigan
0%
Super Bowl XXXVII MVPDexter Jackson (S)
0%
Coach of the team aboveDick Vermeil
0%
Coach of the team aboveDick Vermeil
0%
Coach of the team aboveDon McCafferty
0%
Coach of the team aboveDon Shula
0%
Coach of the team aboveDon Shula
0%
Coach of the team aboveDon Shula
0%
Coach of the team aboveDon Shula
0%
Coach of the team aboveDon Shula
0%
Coach of the team aboveDon Shula
0%
Coach of the team aboveDoug Pederson
0%
Super Bowl XXII MVPDoug Williams (QB)
0%
Super Bowl XLIV MVPDrew Brees (QB)
0%
City that Super Bowl XLVIII was played atEast Rutherford, New Jersey
0%
Super Bowl XLVI MVPEli Manning (QB)
0%
Super Bowl XLII MVPEli Manning (QB)
0%
Super Bowl XXVIII MVPEmmitt Smith (RB)
0%
Coach of the team aboveForrest Gregg
0%
Super Bowl IX MVPFranco Harris (RB)
0%
Super Bowl XI MVPFred Biletnikoff (WR)
0%
Coach of the team aboveGary Kubiak
0%
Coach of the team aboveGeorge Allen
0%
Coach of the team aboveGeorge Seifert
0%
Coach of the team aboveGeorge Seifert
0%
City that Super Bowl XLII was played atGlendale, Arizona
0%
City that Super Bowl XLIX was played atGlendale, Arizona
0%
1996 NFC ChampionGreen Bay Packers
0%
Super Bowl XXXI Champion (1996-1997)Green Bay Packers
0%
Super Bowl XLV Champion (2010-2011)Green Bay Packers
0%
2010 NFC ChampionGreen Bay Packers
0%
1997 NFC ChampionGreen Bay Packers
0%
Super Bowl XII MVPHarvey Martin & Randy White (DL)
0%
Super Bowl XL MVPHines Ward (WR)
0%
City that Super Bowl LI was played atHouston, Texas
0%
City that Super Bowl XXXVIII was played atHouston, Texas
0%
City that Super Bowl VIII was played atHouston, Texas
0%
Super Bowl XLI Champion (2006-2007)Indianapolis Colts
0%
2006 AFC ChampionIndianapolis Colts
0%
2009 AFC ChampionIndianapolis Colts
0%
City that Super Bowl XLVI was played atIndianapolis, Indiana
0%
City that Super Bowl XXXIX was played atJacksonville, Florida
0%
Super Bowl VII MVPJake Scott (S)
0%
Coach of the team aboveJeff Fisher
0%
Super Bowl XXIII MVPJerry Rice (WR)
0%
Coach of the team aboveJim Caldwell
0%
Coach of the team aboveJim Fassel
0%
Coach of the team aboveJim Harbaugh
0%
Coach of the team aboveJimmy Johnson
0%
Coach of the team aboveJimmy Johnson
0%
Super Bowl XV MVPJim Plunkett (QB)
0%
Super Bowl XLVII MVPJoe Flacco (QB)
0%
Coach of the team aboveJoe Gibbs
0%
Coach of the team aboveJoe Gibbs
0%
Coach of the team aboveJoe Gibbs
0%
Coach of the team aboveJoe Gibbs
0%
Super Bowl XVI MVPJoe Montana (QB)
0%
Super Bowl XXIV MVPJoe Montana (QB)
0%
Super Bowl XIX MVPJoe Montana (QB)
0%
Super Bowl III MVPJoe Namath (QB)
0%
Super Bowl XXXIII MVPJohn Elway (QB)
0%
Coach of the team aboveJohn Fox
0%
Coach of the team aboveJohn Fox
0%
Coach of the team aboveJohn Harbaugh
0%
Coach of the team aboveJohn Madden
0%
Super Bowl XVII MVPJohn Riggins (RB)
0%
Coach of the team aboveJon Gruden
0%
Super Bowl LIII MVPJulian Edelman (WR)
0%
Coach of the team aboveKen Whisenhunt
0%
Super Bowl XXXIV MVPKurt Warner (QB)
0%
Super Bowl XXX MVPLarry Brown (CB)
0%
Super Bowl VIII MVPLarry Csonka (RB)
0%
City that Super Bowl VII was played atLos Angeles, California
0%
Super Bowl XVIII Champion (1983-1984)Los Angeles Raiders
0%
1983 AFC ChampionLos Angeles Raiders
0%
1979 NFC ChampionLos Angeles Rams
0%
2018 NFC ChampionLos Angeles Rams
0%
Coach of the team aboveLovie Smith
0%
Super Bowl X MVPLynn Swann (WR)
0%
Super Bowl XLVIII MVPMalcolm Smith (LB)
0%
Super Bowl XVIII MVPMarcus Allen (RB)
0%
Super Bowl XXVI MVPMark Rypien (QB)
0%
Coach of the team aboveMarv Levy
0%
Coach of the team aboveMarv Levy
0%
Coach of the team aboveMarv Levy
0%
Coach of the team aboveMarv Levy
0%
1971 AFC ChampionMiami Dolphins
0%
Super Bowl VII Champion (1972-1973)Miami Dolphins
0%
1984 AFC ChampionMiami Dolphins
0%
1973 AFC ChampionMiami Dolphins
0%
1972 AFC ChampionMiami Dolphins
0%
Super Bowl VIII Champion (1973-1974)Miami Dolphins
0%
1982 AFC ChampionMiami Dolphins
0%
City that Super Bowl XXXIII was played atMiami, Florida
0%
City that Super Bowl XXIII was played atMiami, Florida
0%
City that Super Bowl XXIX was played atMiami, Florida
0%
City that Super Bowl XIII was played atMiami, Florida
0%
City that Super Bowl X was played atMiami, Florida
0%
City where Super Bowl II was played atMiami, Florida
0%
City that Super Bowl V was played atMiami, Florida
0%
City that Super Bowl XLIV was played atMiami Gardens, Florida
0%
City that Super Bowl XLI was played atMiami Gardens, Florida
0%
Coach of the team aboveMike Ditka
0%
Coach of the team aboveMike Holmgren
0%
Coach of the team aboveMike Holmgren
0%
Coach of the team aboveMike Holmgren
0%
Coach of the team aboveMike Martz
0%
Coach of the team aboveMike McCarthy
0%
Coach of the team aboveMike Shanahan
0%
Coach of the team aboveMike Shanahan
0%
Coach of the team aboveMike Tomlin
0%
Coach of the team aboveMike Tomlin
0%
City that Super Bowl LII was played atMinneapolis, Minnesota
0%
City that Super Bowl XXVI was played atMinneapolis, Minnesota
0%
1973 NFC ChampionMinnesota Vikings
0%
1974 NFC ChampionMinnesota Vikings
0%
1976 NFC ChampionMinnesota Vikings
0%
Super Bowl LIII Champion (2018-2019)New England Patriots
0%
Super Bowl XLIX Champion (2014-2015)New England Patriots
0%
2016 AFC ChampionNew England Patriots
0%
Super Bowl LI Champion (2016-2017)New England Patriots
0%
2017 AFC ChampionNew England Patriots
0%
2011 AFC ChampionNew England Patriots
0%
2014 AFC ChampionNew England Patriots
0%
1985 AFC ChampionNew England Patriots
0%
2007 AFC ChampionNew England Patriots
0%
2018 AFC ChampionNew England Patriots
0%
2001 AFC ChampionNew England Patriots
0%
2003 AFC ChampionNew England Patriots
0%
Super Bowl XXXVIII Champion (2003-2004)New England Patriots
0%
2004 AFC ChampionNew England Patriots
0%
1996 AFC ChampionNew England Patriots
0%
Super Bowl XXXIX Champion (2004-2005)New England Patriots
0%
Super Bowl XXXVI Champion (2001-2002)New England Patriots
0%
City that Super Bowl XV was played atNew Orleans, Louisiana
0%
City that Super Bowl XLVII was played atNew Orleans, Louisiana
0%
City that Super Bowl XXXVI was played atNew Orleans, Louisiana
0%
City that Super Bowl IX was played atNew Orleans, Louisiana
0%
City that Super Bowl XII was played atNew Orleans, Louisiana
0%
City that Super Bowl XXIV was played atNew Orleans, Louisiana
0%
City that Super Bowl XX was played atNew Orleans, Louisiana
0%
City that Super Bowl XXXI was played atNew Orleans, Louisiana
0%
City that Super Bowl IV was played atNew Orleans, Louisiana
0%
City that Super Bowl VI was played atNew Orleans, Louisiana
0%
2009 NFC ChampionNew Orleans Saints
0%
Super Bowl XLIV Champion (2009-2010)New Orleans Saints
0%
2011 NFC ChampionNew York Giants
0%
Super Bowl XXI Champion (1986-1987)New York Giants
0%
1990 NFC ChampionNew York Giants
0%
Super Bowl XLVI Champion (2011-2012)New York Giants
0%
2000 NFC ChampionNew York Giants
0%
1986 NFC ChampionNew York Giants
0%
Super Bowl XXV Champion (1990-1991)New York Giants
0%
2007 NFC ChampionNew York Giants
0%
Super Bowl XLII Champion (2007-2008)New York Giants
0%
Super Bowl III Champion (1968-1969)New York Jets
0%
Super Bowl LII MVPNick Foles (QB)
0%
1976 AFC ChampionOakland Raiders
0%
Super Bowl XI Champion (1976-1977)Oakland Raiders
0%
Super Bowl XV Champion (1980-1981)Oakland Raiders
0%
1980 AFC ChampionOakland Raiders
0%
2002 AFC ChampionOakland Raiders
0%
Super Bowl XXV MVPOttis Anderson (RB)
0%
City that Super Bowl XXI was played atPasadena, California
0%
City that Super Bowl XVII was played atPasadena, California
0%
City that Super Bowl XI was played atPasadena, California
0%
City that Super Bowl XIV was played atPasadena, California
0%
City that Super Bowl XXVII was played atPasadena, California
0%
Coach of the team abovePete Carroll
0%
Coach of the team abovePete Carroll
0%
Super Bowl XLI MVPPeyton Manning (QB)
0%
1980 NFC ChampionPhiladelphia Eagles
0%
Super Bowl LII Champion (2017-2018)Philadelphia Eagles
0%
2017 NFC ChampionPhiladelphia Eagles
0%
2004 NFC ChampionPhiladelphia Eagles
0%
Super Bowl XXI MVPPhil Simms (QB)
0%
1995 AFC ChampionPittsburgh Steelers
0%
2010 AFC ChampionPittsburgh Steelers
0%
Super Bowl IX Champion (1974-1975)Pittsburgh Steelers
0%
1978 AFC ChampionPittsburgh Steelers
0%
1975 AFC ChampionPittsburgh Steelers
0%
Super Bowl X Champion (1975-1976)Pittsburgh Steelers
0%
Super Bowl XIV Champion (1979-1980)Pittsburgh Steelers
0%
Super Bowl XLIII Champion (2008-2009)Pittsburgh Steelers
0%
2005 AFC ChampionPittsburgh Steelers
0%
2008 AFC ChampionPittsburgh Steelers
0%
1979 AFC ChampionPittsburgh Steelers
0%
1974 AFC ChampionPittsburgh Steelers
0%
Super Bowl XL Champion (2005-2006)Pittsburgh Steelers
0%
Super Bowl XIII Champion (1978-1979)Pittsburgh Steelers
0%
City that Super Bowl XVI was played atPontiac, Michigan
0%
Super Bowl XXXV MVPRay Lewis (LB)
0%
Coach of the team aboveRay Malavasi
0%
Coach of the team aboveRaymond Berry
0%
Coach of the team aboveRed Miller
0%
Super Bowl XX MVPRichard Dent (DL)
0%
Super Bowl VI MVPRoger Staubach (QB)
0%
Coach of the team aboveRon Rivera
0%
Coach of the team aboveSam Wyche
0%
City that Super Bowl XXXVII was played atSan Diego, California
0%
City that Super Bowl XXXII was played atSan Diego, California
0%
City that Super Bowl XXII was played atSan Diego, California
0%
1994 AFC ChampionSan Diego Chargers
0%
Super Bowl XVI Champion (1981-1982)San Francisco 49ers
0%
Super Bowl XXIII Champion (1988-1989)San Francisco 49ers
0%
1988 NFC ChampionSan Francisco 49ers
0%
1989 NFC ChampionSan Francisco 49ers
0%
1994 NFC ChampionSan Francisco 49ers
0%
Super Bowl XXIX Champion (1994-1995)San Francisco 49ers
0%
1984 NFC ChampionSan Francisco 49ers
0%
Super Bowl XIX Champion (1984-1985)San Francisco 49ers
0%
Super Bowl XXIV Champion (1989-1990)San Francisco 49ers
0%
1981 NFC ChampionSan Francisco 49ers
0%
2012 NFC ChampionSan Francisco 49ers
0%
City that Super Bowl 50 was played atSanta Clara, California
0%
Super Bowl XLIII MVPSantonio Holmes (WR)
0%
Coach of the team aboveSean McVay
0%
Coach of the team aboveSean Payton
0%
Super Bowl XLVIII Champion (2013-2014)Seattle Seahawks
0%
2014 NFC ChampionSeattle Seahawks
0%
2013 NFC ChampionSeattle Seahawks
0%
2005 NFC ChampionSeattle Seahawks
0%
City that Super Bowl XIX was played atStanford, California
0%
Super Bowl XXIX MVPSteve Young (QB)
0%
1999 NFC ChampionSt. Louis Rams
0%
Super Bowl XXXIV Champion (1999-2000)St. Louis Rams
0%
2001 NFC ChampionSt. Louis Rams
0%
Super Bowl XXXVII Champion (2002-2003)Tampa Bay Buccaneers
0%
2002 NFC ChampionTampa Bay Buccaneers
0%
City that Super Bowl XXXV was played atTampa, Florida
0%
City that Super Bowl XVIII was played atTampa, Florida
0%
City that Super Bowl XLIII was played atTampa, Florida
0%
City that Super Bowl XXV was played atTampa, Florida
0%
City that Super Bowl XXX was played atTempe, Arizona
0%
1999 AFC ChampionTennessee Titans
0%
Super Bowl XXXII MVPTerrell Davis (RB)
0%
Super Bowl XIV MVPTerry Bradshaw (QB)
0%
Super Bowl XIII MVPTerry Bradshaw (QB)
0%
Super Bowl XXXVI MVPTom Brady (QB)
0%
Super Bowl XLIX MVPTom Brady (QB)
0%
Super Bowl LI MVPTom Brady (QB)
0%
Super Bowl XXXVIII MVPTom Brady (QB)
0%
Coach of the team aboveTom Coughlin
0%
Coach of the team aboveTom Coughlin
0%
Coach of the team aboveTom Flores
0%
Coach of the team aboveTom Flores
0%
Coach of the team aboveTom Landry
0%
Coach of the team aboveTom Landry
0%
Coach of the team aboveTom Landry
0%
Coach of the team aboveTom Landry
0%
Coach of the team aboveTom Landry
0%
Coach of the team aboveTony Dungy
0%
Super Bowl XXVII MVPTroy Aikman (QB)
0%
Super Bowl 50 MVPVon Miller (LB)
0%
Super Bowl XVII Champion (1982-1983)Washington Redskins
0%
1982 NFC ChampionWashington Redskins
0%
1983 NFC ChampionWashington Redskins
0%
1972 NFC ChampionWashington Redskins
0%
1991 NFC ChampionWashington Redskins
0%
Super Bowl XXVI Champion (1991-1992)Washington Redskins
0%
Super Bowl XXII Champion (1987-1988)Washington Redskins
0%
1987 NFC ChampionWashington Redskins
0%
Coach of the team aboveWeeb Ewbank
0%

Score Distribution

Percentile by Number Answered

Percent of People with Each Score

Your Score History

You have not taken this quiz since the last reset